Wszyscy Strzelcy W Filnałach Mistrzostw Europy - Statystyki

Ogólne statystyki
  • Ten quiz został rozwiązany 84 razy
  • Średni wynik to 9 z 38
Statystyki odpowiedzi
Rok Drużyny Minuta Odpowiedź % Poprawnych
84' Fernando Torres
85%
2008 Hiszpania 1:0 Niemcy 32' Fernando Torres
85%
2016 Portugalia 1:0 Francja 109' Eder
83%
67' Leonardo Bonucci
79%
2020/1 Włochy 1:1 AngliaK. 3:2 2' Luke Shaw
73%
2012 Hiszpania 4:0 Włochy 14' David Silva
57%
103' David Trezeguet
53%
41' Jordi Alba
45%
1972 Niemcy 3:0 ZSSR 28', 57' Gerd Muller
43%
28' Dieter Muller
41%
1984 Francja 2:0 Hiszpania 57' Michel Platini
41%
88' Juan Mata
37%
54' Marco Van Basten
35%
1988 Holandia 2:0 ZSSR 33' Ruud Gullit
31%
2004 Grecja 1:0 Portugalia 57' Angelos Charisteas
28%
90+3' Sylvain Wiltord
24%
73', 95' Oliver Bierhoff
17%
2000 Francja 2:1 Włochy 55' Marcco Delvecchio
13%
1996 Niemcy 2:1 Czechy 59' Patrik Berger
9%
1992 Dania 2:0 Niemcy 18' John Jensen
7%
78' Kim Vilfort
7%
1980 Niemcy 2:1 Belgia 10', 88' Horst Hrubesch
5%
1968 Włochy 1:1 Jugosławia 1Włochy 2:0 Jugosławia 2 40' Dragan Dzajić
4%
13' Luigi Riva
4%
89' Bernd Holzenbein
3%
90+1 Brune Bellone
3%
1964 Hiszpania 2:1 ZSSR 6' Chus Pereda
3%
1976 Czechosłowacja 2:2 NiemcyK. 5-4 8' Jan Svehlik
3%
75' Rene Vandereycken
3%
114' Viktor Ponedelnik
3%
78' Angelo Domenghini
1%
52' Herbert Wimmer
1%
25' Karol Dobias
1%
84' Marcelino
1%
1960 ZSSR 2:1 Jugosławia 41' Milan Galić
1%
33' Pietro Anastasi
1%
49' Slava Metreveli
1%
8' Galimzyan Khusainov
0%
Nie znaleziono quizów pasujących do podanych kryteriów
Rozkład punktacji
Procent ludzi z każdym wynikiem
Percentyl według liczby udzielonych odpowiedzi
Twoja historia wyników
Nie rozwiązałeś tego quizu